|
|
|
|
| LEADER |
00000nam0a2200000 4500 |
| 001 |
305589 |
| 005 |
20231102001820.0 |
| 020 |
|
|
|a RU
|b 83-50948
|
| 035 |
|
|
|a (RuTPU)RU\TPU\book\330861
|
| 090 |
|
|
|a 305589
|
| 100 |
|
|
|a 20150928d1983 k y0rusy5003 ca
|
| 101 |
0 |
|
|a rus
|
| 102 |
|
|
|a RU
|
| 105 |
|
|
|a a z 001zy
|
| 200 |
1 |
|
|a Теория и практика усреднения качества минерального сырья
|f Ф. Г. Грачев
|
| 210 |
|
|
|a Москва
|c Недра
|d 1983
|
| 215 |
|
|
|a 157 с.
|c ил.
|
| 225 |
1 |
|
|a Надежность и качество
|
| 320 |
|
|
|a Библиогр.: с. 154-155
|
| 606 |
1 |
|
|a Минеральное сырье
|x Усреднение
|2 stltpush
|3 (RuTPU)RU\TPU\subj\44039
|9 63425
|
| 610 |
1 |
|
|a теория
|
| 610 |
1 |
|
|a практика
|
| 610 |
1 |
|
|a качество
|
| 610 |
1 |
|
|a комплексное управление
|
| 610 |
1 |
|
|a стабильность
|
| 610 |
1 |
|
|a планирование
|
| 610 |
1 |
|
|a горные работы
|
| 610 |
1 |
|
|a экономическая эффективность
|
| 675 |
|
|
|a 622.795
|v 3
|
| 700 |
|
1 |
|a Грачев
|b Ф. Г.
|g Федор Григорьевич
|
| 801 |
|
0 |
|a RU
|b RuMRKP
|c 19950704
|g psbo
|
| 801 |
|
1 |
|a RU
|b 63413507
|c 20150928
|
| 801 |
|
2 |
|a RU
|b 63413507
|c 20180711
|g RCR
|
| 942 |
|
|
|c BK
|